| 000 | 01451cam a2200229 4500 | ||
|---|---|---|---|
| 001 | L130090 | ||
| 008 | 050621n2005 000 0 eng u | ||
| 035 | _a(Sirsi) u130090 | ||
| 041 | _aeng | ||
| 110 |
_aNational Assembly for Wales _94735 |
||
| 245 |
_aDynamic smaller towns _bidentification of critical success factors: final report _h[electronic resource] |
||
| 260 | _c2005 | ||
| 300 | _a97p. | ||
| 520 | _aFinal report of the National Assembly for Wales research project on smaller towns. The objective was to identify those factors that have played a causal role in the success of prospering smaller towns and helped to spread economic opportunities to their surrounding communities and to assess the scope for policies to replicate that success elsewhere. Contains: a literature review on success factors; summary of the research approach and method; findings of secondary data analysis; an analysis of 24 case study small towns together with a qualitative analysis of the case study towns and rural areas; and conclusions. References. | ||
| 590 | _aIKA040705 | ||
| 651 | 4 |
_aWales _y1998-2007 |
|
| 690 | _aENVIRONMENTAL AND LAND CONSULTANCY-PLANNING AND DEVELOPMENT | ||
| 710 |
_aUniversity of the West of England _93479 |
||
| 710 |
_aRoger Tym and Partners _92268 |
||
| 856 |
_uhttps://wales.gov.uk/about/aboutresearch/econoresearch/completed/smalltowns/?lang=en _zView the report free of charge at www.wales.gov.uk... |
||
| 942 | _n0 | ||
| 999 |
_c104344 _d104344 |
||